Statistiques concernant L'Outre-mer français : 2 - Saint-Pierre et Miquelon

Cliquez ici pour prendre le quiz!

Statistiques générales

  • Ce quiz a été pris 28 fois
  • Le résultat moyen est 10 sur 15

Statistiques - réponses

Question Réponse % Correct
Dans quel océan est situé cet archipel ?Atlantique
100%
Quel est le pays le plus proche ?Canada
100%
Au cours de l'histoire, quel pays a âprement disputé à la France la possession de ces îles ?L'Angleterre
92%
Saint-Pierre et Miquelon est l'un des premiers territoires français à être passé sous le contrôle gaulliste pendant la seconde guerre mondiale. En quelle année ?1941
84%
Quelle est la "capitale" de l'archipel ?Saint-Pierre
84%
Quelle grande île appartenant à ce pays peut-on apercevoir depuis les côtes de l'archipel ?Terre-Neuve
80%
Origine 1Bretagne
76%
Combien de communes comporte l'archipel ?Deux
72%
Quelle était la nationalité de l'explorateur qui a découvert ces îles en 1522 ?Portugaise
68%
Origine 2Normandie
64%
Quel explorateur français leur a donné leur nom actuel, quelques années après leur découverte ?Jacques Cartier
60%
Origine 3Pays Basque
52%
Quel mammifère marin peut-on observer en grand nombre sur les côtes de Miquelon ?Les phoques
40%
Quelle production a permis le développement de Saint-Pierre et Miquelon ?La morue
40%
Quelle législation américaine, entre les deux guerres, a aussi largement contribué à la richesse de l'archipel ?La Prohibition
36%

Distribution des résultats

Percentile by Number Answered

% des personnes avec chaque résultat

Votre développement - résultats

Vous n’avez pas pris ce quiz